000 00437nam a2200181Ia 4500
001 16944
005 20260306170348.0
008 260306t2017||||xx |||||||||||||| ||und||
041 _aESP
082 _a657.3
_bR76A
100 _aRodríguez Torres, Jeanina
_eAUT
245 0 _aCierre contable:
_baspectos claves
260 _c2017
300 _a64 páginas :
_c23 cm.
650 _aGEN
654 _aCCO
942 _cLIB
_dJUS
_fJUS
_2ddc
_n
999 _c16944
_d16944